Ministerpräsidenten von Rheinland-Pfalz seit 1946 - mit Bild - Statistiken

Allgemein
  • Dieses Quiz wurde 113 mal gespielt
    37 seit der letzten Aktualisierung
  • Das Durchschnittsergebnis liegt bei 6 aus 9
Antwortstatistiken
Bildquiz Hint Antwort % Korrekt
1969-1976
CDU
Helmut Kohl
100%
2013-2024
SPD
Malu Dreyer
94%
1994-2013
SPD
Kurt Beck
88%
1976-1988
CDU
Bernhard Vogel
75%
1991-1994
SPD
Rudolf Scharping
72%
seit 2024
SPD
Alexander Schweitzer
53%
1947-1969
CDU
Peter Altmeier
34%
1988-1991
CDU
Carl-Ludwig Wagner
22%
1946-1947
CDU
Im Bild auf der rechten Seite
Wilhelm Boden
13%
Keine übereinstimmenden Quizze gefunden
Verteilung der Resultate
Anzahl Personen mit jedem Resultat
Perzentil nach korrekt beantworteten Fragen
Ihre Resultats-Entwicklung
Sie haben dieses Quiz seit der letzten Aktualisierung nicht gespielt